000 00555nam a2200217 a 4500
001 BRL_992
005 20190320211002.0
008 301013s1964----mx-#######---#000-1#spa-#
041 _aspa
044 _amx
050 4 _aPQ7297
_b.L48 77 1964
100 1 _aSpota, Luis
_925514
245 1 0 _aLa pequeña edad
_bpor Luis Spota.
260 _aMéxico
_bFondo de Cultura Económica
_c1964
300 _a525 p.
_c18 cm.
440 0 _aLetras mexicanas
_v77
_925515
500 _aAu1091
650 1 4 _anovela mexicana
_925151
902 _aGRL
942 _2lcc
_cB
999 _c9804
_d9804